NCAA Institutions in Tennessee - Statistics

General Stats
  • This quiz has been taken 25 times
  • The average score is 12 of 25
Answer Stats
Conference School Team Name % Correct
Division I The American Memphis Tigers
100%
Division I SEC Tennessee Volunteers
100%
Division I SEC Vanderbilt Commodores
100%
Division I C-USA Middle Tennessee State Blue Raiders
94%
Division I Ohio Valley Tennessee State Tigers
94%
Division I Ohio Valley Tennessee Technological Golden Eagles
94%
Division I Southern Tennessee-Chattanooga Mocs
83%
Division I Ohio Valley Tennessee-Martin Skyhawks
83%
Division I Southern East Tennessee State Buccaneers
78%
Division I Missouri Valley Belmont Bruins
72%
Division I ASUN Austin Peay State Governors
61%
Division I ASUN Lipscomb Bisons
50%
Division III SAA Sewanee (University of the South) Tigers
39%
Division II South Atlantic Lincoln Memorial Railsplitters
28%
Division II Carolinas King Tornado
22%
Division III SAA Rhodes Lynx
22%
Division II South Atlantic Carson-Newman Eagles
17%
Division II Gulf South Union Bulldogs
17%
Division II Gulf South Lee Flames
11%
Division III CCS Maryville Scots
11%
Division II Gulf South Trevecca Nazarene Trojans
11%
Division II South Atlantic Tusculum Pioneers
11%
Division II Gulf South Christian Brothers Buccaneers
6%
Division II SIAC Lane Dragons
6%
Division II SIAC LeMoyne-Owen Magicians
6%
No matching quizzes found
Score Distribution
Percent of People with Each Score
Percentile by Number Answered
Your Score History
You have not taken this quiz